EL PROCESO DE "SUBDESARROLLO": ENSAYO SOBRE LOS LIMITES DE LA ACUMULACION NACIONAL DE CAPITAL EN LAS ECONOMIAS SEMINDUSTRIALIZADAS/

Saved in:
Bibliographic Details
Main Author: Salama, Pierre (autor)
Format: Book
Series:EL HOMBRE Y SU TIEMPO
Subjects:
Tags: Add Tag
No Tags, Be the first to tag this record!

MARC

LEADER 00000nam^a2200000^a^4500
001 000225646
005 20250521000000.0
009 20260310104135.434
035 |a 044209 
037 |a Acervo Xavier Clavigero 
082 |a 338. 91  |b SAL 
100 |a Salama, Pierre  |e (autor) 
245 1 3 |a EL PROCESO DE "SUBDESARROLLO":  |b ENSAYO SOBRE LOS LIMITES DE LA ACUMULACION NACIONAL DE CAPITAL EN LAS ECONOMIAS SEMINDUSTRIALIZADAS/  |c PIERRE SALAMA 
264 |a MEXICO :  |b ERA,  |c 1972 
300 |a 220p. 
336 |a texto  |b txt  |2 rdacontenido 
337 |a sin mediación  |b n  |2 rdamedio 
338 |a volumen  |b nc  |2 rdasoporte 
440 |a EL HOMBRE Y SU TIEMPO 
649 |a XX 
650 |a Desarrollo Económico-Social 
910 |a Fondo General 
920 |a Impresos - Libros 
930 |a Colección General 
905 |a 101 
901 |a 044209  |b IT1  |c ACC  |i 044209  |u 20250521 
902 |a https://opac.biblio.iteso.mx/vufind/Record/000225646